Instalaciones eléctricas paso a paso / (Registro nro. 35782)

Detalles MARC
000 -CABECERA
Longitud fija campo de control 00520nam a2200169 4500
003 - • IDENTIFICADOR DELl NÚMERO DE CONTROL
Identificador del número de control CO-ViMGA
020 ## - • NÚMERO INTERNACIONAL NORMALIZADO PARA LIBROS
Número Internacional Normalizado para Libros (ISBN) 9786070504532
040 ## - FUENTE DE LA CATALOGACIÓN
Centro catalogador de origen CO-ViMGA
Lengua de catalogación spa
Centro transcriptor CO-ViMGA
082 04 - • NÚMERO DE LA CLASIFICACIÓN DECIMAL DEWEY
Número de clasificación (R) 621.319
Número del ítem E67i.
100 1# - • PUNTO DE ACCESO PRINCIPAL-NOMBRE DE PERSONA
Nombre de persona Enríquez Harper, Gilberto
245 10 - • TITULO PROPIAMENTE DICHO
Título Instalaciones eléctricas paso a paso /
Mención de responsabilidad, etc. Gilberto Enríquez Harper.
300 ## - • DESCRIPCIÓN FÍSICA
Extensión 352 p. :
Otras características físicas Il dibujos, ; 27 cm.
500 ## - • NOTA GENERAL
Nota general Dedicatoria a sus hijos y nietos.
650 14 - • PUNTO DE ACCESO ADICIONAL DE MATERIA - TÉRMINO DE MATERIA
Término de materia o nombre geográfico como elemento inicial Ingeniería Eléctrica.
942 ## - ENTRADA DE ELEMENTOS AGREGADOS (KOHA)
Fuente de clasificaión o esquema Dewey Decimal Classification
Koha [por defecto] tipo de item LIbro
Existencias
Perdido Fuente de clasificación o esquema Estado Físico No para préstamo Forma de adquisición Localización permanente Localización actual Fecha adquisición Préstamos totales Signatura completa Código de barras Fecha última consulta Número de copia Fecha del precio de reemplazo Tipo de item de Koha
  Dewey Decimal Classification     Sala Especializada Tercer Piso Biblioteca Pública Germán Arciniegas - Villavicencio Biblioteca Pública Germán Arciniegas - Villavicencio 08/27/2016   621.319 E67i. 30594 08/27/2016 Ej. 1 08/27/2016 LIbro









Instituto Departamental de Cultura del Meta - Red Departamental de Bibliotecas Públicas del Meta.